Extreme programming explained : bembrace change (Record no. 232557)

MARC details
000 -LEADER
fixed length control field 00478nam a2200169Ia 4500
005 - DATE AND TIME OF LATEST TRANSACTION
control field 20241206153305.0
008 - FIXED-LENGTH DATA ELEMENTS--GENERAL INFORMATION
fixed length control field 231221s9999 xx 000 0 und d
020 ## - INTERNATIONAL STANDARD BOOK NUMBER
International Standard Book Number 9780321278654
082 ## - DEWEY DECIMAL CLASSIFICATION NUMBER
Classification number 005.1 BEC;1 R
100 ## - MAIN ENTRY--PERSONAL NAME
Personal name Beck, Kent. Andres, Cynthia.
245 #0 - TITLE STATEMENT
Title Extreme programming explained : bembrace change
250 ## - EDITION STATEMENT
Edition statement 2nd ed.
260 ## - PUBLICATION, DISTRIBUTION, ETC. (IMPRINT)
Date of publication, distribution, etc. 2005
Name of publisher, distributor, etc. Addison-Wiley
Place of publication, distribution, etc. Boston
300 ## - PHYSICAL DESCRIPTION
Extent xxii, 189
650 ## - SUBJECT ADDED ENTRY--TOPICAL TERM
Topical term or geographic name as entry element Extreme,programming,explained,bembrace
942 ## - ADDED ENTRY ELEMENTS (KOHA)
Koha item type Arch Books
Holdings
Date last seen Total Checkouts Full call number Accession number Old discount Cost, replacement price Price effective from Category Lost status Source of classification or shelving scheme Damaged status Department Withdrawn status bill no. Permanent Location Current Location Shelving location Entry date Vendor Cost, normal purchase price Grants Currency symbol Conversion rate Discount Discount type
26/01/2024   005.1 BEC;1 R AR736 28 2283.49 26/01/2024 Arch Books   Dewey Decimal Classification       BANG/2016/CRB/708 Central Library Central Library Central Library 15/12/2016 Intact Book House Pvt Ltd 44.99 ARCH USD 70.5 12.6 Rupees

© For any Suggestions or Query, please contact the library staff @ librarian@pes.edu or Phone: +9180 2672 1983/ 2108.